Construyendo con materiales de bajo costo: guía de soluciones potenciales

שמור ב:
מידע ביבליוגרפי
מחבר ראשי: Stulz, Roland (Author)
פורמט: ספר
שפה:ספרדית
יצא לאור: Valparaíso CETAL 1990
מהדורה:2a. ed
נושאים:
תגים: הוספת תג
אין תגיות, היה/י הראשונ/ה לתייג את הרשומה!

MARC

LEADER 00000nam a2200000 a 4500
001 UCX9007
003 CL-VaPUC
008 940511e19900000CL |||||||||||||||||spa|d
082 0 4 |a 690.81  |b STU  |2 21 
100 0 |a Stulz, Roland  |e author  |9 326285 
245 1 0 |a Construyendo con materiales de bajo costo: guía de soluciones potenciales 
250 |a 2a. ed 
300 |a 378 p 
942 |c BK 
945 |d 19940511 00:00:00  |a mfernand 
260 |a Valparaíso  |b CETAL  |c 1990 
650 0 |a Viviendas sociales  |x Diseño y construcción manuales  |9 326286 
650 0 |a Construcción de viviendas   |9 266842 
650 0 |a Pobres  |x Vivienda  |9 326287 
583 |a last modification  |c 19940511 00:00:00  |k Rodrigo Vera 
999 |c 228366  |d 228364 
952 |0 0  |1 0  |4 0  |6 690_810000000000000_STU_1990  |7 0  |8 A  |9 228340  |a BIBARQ  |b BIBARQ  |d 2019-11-15  |i 297732K  |l 1  |o 690.81 STU 1990  |p 297732K  |r 2025-01-20  |s 2022-11-10  |w 2019-11-15  |y BK  |k ARQ 
952 |0 0  |1 0  |4 0  |6 690_810000000000000_STU_1990  |7 0  |8 P  |9 228341  |a BIBEDU  |b BIBEDU  |c BIBEDU_PB  |d 2019-11-15  |i 3408779  |o 690.81 STU 1990  |p 3408779  |r 2024-01-25  |w 2019-11-15  |y BK  |k EPE